000 00816nam a2200277Ia 4500
003 OSt
005 20220928131055.0
006 a|||||r|||| 00| 0
007 ta
008 220927b |||||||| |||| 00| 0 eng d
020 _cINR 699.00
024 _a132728
037 _b0241, 01/03/2017, Bookwell Publications
_cTextual
040 _aSDCL
_cSDCL
_beng
041 _2eng
_aeng
082 _aX:8D, P1
100 _aHorne James C. Van
_9451713
245 0 _aFundamentals of financial management
250 _a13th
260 _aNoida
_bPearson
_c2016
300 _axxiii,719p.
_ccm.
650 _aReference
700 _a Wachowicz John M.
942 _hX:8D, P1
_cTEXL
_2CC
999 _c789447
_d789447